| 000 -LEADER |
| fixed length control field |
00672nam a22001817a 4500 |
| 005 - DATE AND TIME OF LATEST TRANSACTION |
| control field |
20260501111936.0 |
| 008 - FIXED-LENGTH DATA ELEMENTS--GENERAL INFORMATION |
| fixed length control field |
260430s1999 enk||||| |||| 00| 0 eng d |
| 020 ## - INTERNATIONAL STANDARD BOOK NUMBER |
| International Standard Book Number |
9780768902624x |
| 041 ## - LANGUAGE CODE |
| Language code of text/sound track or separate title |
eng |
| 080 ## - UNIVERSAL DECIMAL CLASSIFICATION NUMBER |
| Universal Decimal Classification number |
378.6 : 658. 012.32 P-50 |
| 100 ## - MAIN ENTRY--PERSONAL NAME |
| Personal name |
|
| 9 (RLIN) |
27403 |
| 245 ## - TITLE STATEMENT |
| Title |
Peterson's MBA Programs / |
| Remainder of title |
U.S., Canadian, and international business Schools. |
| 264 ## - PRODUCTION, PUBLICATION, DISTRIBUTION, MANUFACTURE, AND COPYRIGHT NOTICE |
| Place of production, publication, distribution, manufacture |
New Jersey : |
| Name of producer, publisher, distributor, manufacturer |
Petersons, |
| Date of production, publication, distribution, manufacture, or copyright notice |
1999. |
| 300 ## - PHYSICAL DESCRIPTION |
| Extent |
1290 p.: |
| Other physical details |
ill.; |
| Dimensions |
28 cm. |
| 653 ## - INDEX TERM--UNCONTROLLED |
| keyword |
MBA პროგრამები |
| 653 ## - INDEX TERM--UNCONTROLLED |
| keyword |
აშშ-ის, კანადის და საერთაშორისო ბიზნეს სკოლები |
| 942 ## - ADDED ENTRY ELEMENTS (KOHA) |
| Source of classification or shelving scheme |
|
| Koha item type |
წიგნი |